| 000 | 01134pam a22003974a 4500 | ||
|---|---|---|---|
| 001 | 14684168 | ||
| 003 | OSt | ||
| 005 | 20161011190702.0 | ||
| 008 | 070103s2006 enka 001 0 eng c | ||
| 010 | _a 2007295038 | ||
| 015 |
_aGBA631456 _2bnb |
||
| 016 | 7 |
_a101284670 _2DNLM |
|
| 016 | 7 |
_a013426004 _2Uk |
|
| 020 | _a0340906162 | ||
| 020 | _a0340906170 | ||
| 020 | _a9780340906163 | ||
| 035 | _a(OCoLC)ocm64957773 | ||
| 035 | _a(OCoLC)64957773 | ||
| 040 |
_aNLM _cNLM _dUKM _dBAKER _dYDXCP _dDLC |
||
| 042 | _apcc | ||
| 050 | 0 | 0 |
_aRB40 _b.C78 2006 |
| 060 | 0 | 0 | _a2006 J-210 |
| 060 | 1 | 0 |
_aQY 90 _bC948c 2006 |
| 082 | 0 | 0 |
_aQY 90 _bC883c 2006 |
| 100 | 1 |
_aCrook, Martin. _98999 |
|
| 245 | 1 | 0 | _aClinical Chemistry & Metabolic Medicine |
| 250 | _a7th ed. | ||
| 260 |
_aLondon ; _bHodder Arnold, _c2006. |
||
| 300 |
_a426 p. : _bill. ; _c28 cm. |
||
| 504 | _aIncludes index. | ||
| 650 | 0 |
_aClinical chemistry. _9428 |
|
| 650 | 0 |
_aMetabolism. _99000 |
|
| 856 | 4 | 1 |
_3Table of contents only _uhttp://www.loc.gov/catdir/toc/fy0709/2007295038.html |
| 906 |
_a7 _bcbc _cpccadap _d2 _encip _f20 _gy-gencatlg |
||
| 942 |
_2ddc _cO_SHELF |
||
| 999 |
_c4175 _d4175 |
||